Queens Of The Stone Age - Villians Songs - Statistics

General Stats
  • This quiz has been taken 45 times
  • The average score is 8 of 9
Answer Stats
Album Song % Correct
Villains (2017) Feet Don't Fail Me
97%
Villains (2017) Fortress
95%
Villains (2017) Head Like a Haunted House
95%
Villains (2017) Villains Of Circumstance
92%
Villains (2017) The Way You Used to Do
89%
Villains (2017) The Evil Has Landed
87%
Villains (2017) Hideaway
84%
Villains (2017) Un-Reborn Again
84%
Villains (2017) Domesticated Animals
82%
No matching quizzes found
Score Distribution
Percent of People with Each Score
Percentile by Number Answered
Your Score History
You have not taken this quiz